[Event "10th Rector Cup"]
[Site "Kharkiv"]
[Date "2008.03.02"]
[Round "7"]
[White "Brodsky, M."]
[Black "Hadzimanolis, A."]
[Result "1-0"]
[WhiteElo "2572"]
[BlackElo "2329"]
[PlyCount "103"]
[EventDate "2008.02.27"]
[SourceDate "2008.02.27"]

1. d4 d5 2. c4 c6 3. Nf3 Nf6 4. Nc3 e6 5. Bg5 Be7 6. e3 h6 7. Bf4 O-O 8. a3 b6
9. Bd3 Bb7 10. O-O Nh5 11. Be5 Nd7 12. cxd5 exd5 13. Rc1 Nhf6 14. Qe2 Nxe5 15.
Nxe5 a6 16. Rfd1 c5 17. dxc5 bxc5 18. Bb1 Qc7 19. Nf3 Rfd8 20. b4 c4 21. Bc2 a5
22. Rb1 axb4 23. axb4 Rab8 24. Nd4 Ba8 25. b5 Bd6 26. h3 Qa5 27. Na4 Ne4 28.
Bxe4 Qxa4 29. Bc2 Qa3 30. Qg4 Bf8 31. h4 Qd6 32. h5 Qf6 33. Ra1 Rb6 34. Ba4 Bb7
35. Bc2 Bc5 36. Ra5 Bb4 37. Ra7 Bc5 38. Rb1 Bd6 39. Bf5 Bb8 40. Ra2 Qe5 41. g3
Bd6 42. Bd7 Rb8 43. Rd1 Rd8 44. Nc6 Bxc6 45. Bxc6 Bc5 46. Rad2 Rxc6 47. bxc6
Qe6 48. Qxc4 dxc4 49. Rxd8+ Kh7 50. c7 Bxe3 51. c8=Q Bxf2+ 52. Kxf2 1-0

[Event "10th Rector Cup"]
[Site "Kharkiv"]
[Date "2008.03.02"]
[Round "7"]
[White "Kharchenko, B."]
[Black "Onischuk, V."]
[Result "0-1"]
[WhiteElo "2440"]
[BlackElo "2474"]
[PlyCount "90"]
[EventDate "2008.02.27"]
[SourceDate "2008.02.27"]

1. e4 g6 2. d4 Bg7 3. Nc3 c6 4. Nf3 d6 5. Be3 Nf6 6. h3 O-O 7. Qd2 b5 8. Bd3
Nbd7 9. e5 dxe5 10. dxe5 b4 11. exf6 bxc3 12. Qxc3 Bxf6 13. Qa3 c5 14. O-O Qc7
15. Nd2 Rb8 16. Rab1 Bb7 17. Rfe1 Rfc8 18. Nc4 Nb6 19. Nd2 Kg7 20. c4 Rd8 21.
Bf1 Qc6 22. Ne4 Qxe4 23. Bh6+ Kxh6 24. Rxe4 Bxe4 25. Qe3+ Kg7 26. Qxe4 Na4 27.
Qc2 Nxb2 28. Re1 Rd6 29. Re3 Rbd8 30. Rf3 Rd2 31. Qe4 Nd1 32. g4 h6 33. h4 Bxh4
34. Be2 Bf6 35. Bxd1 Rxd1+ 36. Kg2 R8d4 37. Qb7 Rxg4+ 38. Rg3 Rxg3+ 39. Kxg3
Rd3+ 40. Kg2 Ra3 41. Qc7 Bd4 42. Qxe7 Rxa2 43. Kg3 Bxf2+ 44. Kf4 Bd4 45. Qd7 a5
0-1

[Event "10th Rector Cup"]
[Site "Kharkiv"]
[Date "2008.03.03"]
[Round "8"]
[White "Firman, N."]
[Black "Onischuk, V."]
[Result "1/2-1/2"]
[WhiteElo "2501"]
[BlackElo "2474"]
[PlyCount "90"]
[EventDate "2008.02.27"]
[SourceDate "2008.02.27"]

1. e4 g6 2. d4 Bg7 3. Nc3 c6 4. Be3 d5 5. e5 h5 6. Qd2 Nh6 7. O-O-O b6 8. Kb1
a5 9. g3 e6 10. Bg5 Qc7 11. h3 Nf5 12. Bg2 Ba6 13. g4 Ne7 14. f4 c5 15. Bxe7
Qxe7 16. f5 Bh6 17. Qf2 cxd4 18. Qxd4 Qc5 19. fxe6 fxe6 20. Nf3 Nc6 21. Qxc5
bxc5 22. Na4 Be3 23. Nh4 Ne7 24. Bf3 Bf2 25. gxh5 Bxh4 26. Nxc5 Bc8 27. Bg4 Bf2
28. Nxe6 Bxe6 29. Bxe6 Rxh5 30. Bxd5 Nxd5 31. Rxd5 Rd8 32. Rxa5 Rxh3 33. Rf1 g5
34. a3 Rd2 35. Ra8+ Ke7 36. Rg8 Rh5 37. Rg6 Re2 38. a4 Re1+ 39. Rxe1 Bxe1 40.
c3 Kf7 41. Rf6+ Kg7 42. Rf5 Kg6 43. Rf6+ Kg7 44. Rf5 Kg6 45. Rf6+ Kg7 1/2-1/2

[Event "10th Rector Cup"]
[Site "Kharkiv"]
[Date "2008.03.03"]
[Round "8"]
[White "Hadzimanolis, A."]
[Black "Kharchenko, B."]
[Result "0-1"]
[WhiteElo "2329"]
[BlackElo "2440"]
[PlyCount "74"]
[EventDate "2008.02.27"]
[SourceDate "2008.02.27"]

1. Nf3 d5 2. d4 Nf6 3. c4 c6 4. g3 Bf5 5. Nc3 e6 6. Bg2 Nbd7 7. O-O dxc4 8. a4
a5 9. Nd2 Nb6 10. e4 Bg6 11. e5 Nfd5 12. Nde4 Be7 13. h4 h6 14. h5 Bh7 15. Qg4
Rg8 16. Rd1 Qc7 17. Nc5 Nd7 18. Be4 Bxe4 19. N5xe4 O-O-O 20. Qe2 N7b6 21. Nd2
g6 22. hxg6 Rxg6 23. Nxc4 Nxc4 24. Qxc4 h5 25. Kf1 h4 26. gxh4 Bxh4 27. Ne4 Be7
28. Bd2 Rh8 29. Ng3 f6 30. Qe2 Rh4 31. Bc3 fxe5 32. dxe5 Bc5 33. Rd3 Qh7 34.
Ke1 Rxg3 35. Rxg3 Rh1+ 36. Kd2 Rxa1 37. Qg4 Nxc3 0-1

[Event "10th Rector Cup"]
[Site "Kharkiv"]
[Date "2008.03.03"]
[Round "8"]
[White "Kovchan, A."]
[Black "Brodsky, M."]
[Result "1/2-1/2"]
[WhiteElo "2515"]
[BlackElo "2572"]
[PlyCount "21"]
[EventDate "2008.02.27"]
[SourceDate "2008.02.27"]

1. e4 c5 2. Nf3 e6 3. d4 cxd4 4. Nxd4 Nc6 5. Nxc6 bxc6 6. Bd3 d5 7. O-O Nf6 8.
Nd2 Be7 9. e5 Nd7 10. f4 Nc5 11. Be2 1/2-1/2

[Event "10th Rector Cup"]
[Site "Kharkiv"]
[Date "2008.03.03"]
[Round "8"]
[White "Harutjunyan, G."]
[Black "Khakimov, T."]
[Result "1-0"]
[WhiteElo "2423"]
[BlackElo "2380"]
[PlyCount "47"]
[EventDate "2008.02.27"]
[SourceDate "2008.02.27"]

1. e4 c5 2. Nf3 Nc6 3. Bb5 e6 4. Bxc6 bxc6 5. d3 d5 6. Nbd2 Ne7 7. b3 Ng6 8.
Bb2 f6 9. e5 Be7 10. h4 O-O 11. h5 Nxe5 12. Nxe5 fxe5 13. h6 g6 14. Qe2 Bd7 15.
O-O-O Bf6 16. Bxe5 Bxe5 17. Qxe5 Qf6 18. Qd6 Rf7 19. f3 Qa1+ 20. Nb1 c4 21.
dxc4 Qxa2 22. Rh4 Raf8 23. Qe5 a5 24. c5 1-0

[Event "10th Rector Cup"]
[Site "Kharkiv"]
[Date "2008.03.04"]
[Round "9"]
[White "Khakimov, T."]
[Black "Firman, N."]
[Result "0-1"]
[WhiteElo "2380"]
[BlackElo "2501"]
[PlyCount "58"]
[EventDate "2008.02.27"]
[SourceDate "2008.02.27"]

1. d4 f5 2. g3 Nf6 3. Bg2 g6 4. c3 Bg7 5. Qb3 c6 6. Nh3 Na6 7. Nf4 Nc7 8. h4 d5
9. Nd2 e5 10. dxe5 Ng4 11. Nf3 Nxe5 12. h5 Qd6 13. Nxe5 Bxe5 14. Nd3 Bf6 15.
Bf4 Qe7 16. hxg6 hxg6 17. Rxh8+ Bxh8 18. O-O-O Ne6 19. Rh1 Bg7 20. Bf3 Nf8 21.
Qa4 Bd7 22. Bh6 Bf6 23. Nf4 g5 24. Nh5 Be5 25. g4 f4 26. e3 fxe3 27. fxe3 Ne6
28. Be2 Qc5 29. Rh3 O-O-O 0-1

[Event "10th Rector Cup"]
[Site "Kharkiv"]
[Date "2008.03.04"]
[Round "9"]
[White "Aveskulov, V."]
[Black "Harutjunyan, G."]
[Result "1-0"]
[WhiteElo "2532"]
[BlackElo "2423"]
[PlyCount "125"]
[EventDate "2008.02.27"]
[SourceDate "2008.02.27"]

1. e4 c6 2. d4 d5 3. Nc3 dxe4 4. Nxe4 Bf5 5. Ng3 Bg6 6. h4 h6 7. Nf3 Nd7 8. h5
Bh7 9. Bd3 Bxd3 10. Qxd3 Ngf6 11. Bf4 Qa5+ 12. Bd2 Qc7 13. O-O-O e6 14. Ne4 Be7
15. Kb1 Rd8 16. Nxf6+ Nxf6 17. Qe2 c5 18. dxc5 O-O 19. g4 Qxc5 20. g5 hxg5 21.
h6 g6 22. Nxg5 Nh7 23. Nxe6 fxe6 24. Qxe6+ Kh8 25. Bc3+ Nf6 26. Rde1 Rde8 27.
h7 Qc6 28. Qe3 Bd8 29. Qh6 Qd5 30. Qxg6 Rxe1+ 31. Rxe1 Qf7 32. Qxf7 Rxf7 33.
Re8+ Kxh7 34. Rxd8 Ne4 35. Bd4 a6 36. c3 Kg6 37. Rb8 Kf5 38. Kc2 Ng5 39. Be3
Nf3 40. Bc5 Ke4 41. Re8+ Kd5 42. Rf8 Rxf8 43. Bxf8 Ke4 44. Bc5 Ne5 45. Bd4 Nc4
46. b3 Nd6 47. Kd2 Nf5 48. Bb6 Ne7 49. c4 Ng6 50. Kc3 Ne5 51. Kb4 Nd7 52. Be3
Kd3 53. c5 Ke4 54. c6 bxc6 55. Ka5 Kd3 56. Kxa6 Kc3 57. Kb7 Ne5 58. Kc7 Nd3 59.
Kxc6 Nb4+ 60. Kb5 Nxa2 61. Ka4 Kd3 62. b4 Kc4 63. Bd2 1-0

[Event "10th Rector Cup"]
[Site "Kharkiv"]
[Date "2008.03.04"]
[Round "9"]
[White "Brodsky, M."]
[Black "Simonian, H."]
[Result "1-0"]
[WhiteElo "2572"]
[BlackElo "2435"]
[PlyCount "99"]
[EventDate "2008.02.27"]
[SourceDate "2008.02.27"]

1. Nf3 Nf6 2. c4 b6 3. g3 Bb7 4. Bg2 c5 5. O-O e6 6. Nc3 Be7 7. d4 cxd4 8. Qxd4
Nc6 9. Qf4 O-O 10. Rd1 Qc8 11. b3 Rd8 12. Bb2 Qb8 13. Rac1 Qxf4 14. gxf4 Na5
15. Nb5 d5 16. Bxf6 Bxf6 17. cxd5 Rxd5 18. Rxd5 Bxd5 19. Ne5 Bxg2 20. Kxg2 Nb7
21. Nxf7 a6 22. Nbd6 Be7 23. Rc6 b5 24. Nxb7 Kxf7 25. Rc7 Kf8 26. Rc6 Ra7 27.
Nd6 Bxd6 28. Rxd6 Ke7 29. Rb6 Kf6 30. Kf3 g6 31. Ke4 h5 32. h3 Ra8 33. e3 Ra7
34. a3 Ra8 35. b4 Ra7 36. Kf3 Ra8 37. Kg3 Ra7 38. Kh4 Ra8 39. e4 a5 40. Rxb5
axb4 41. axb4 Ra3 42. Rb7 Rf3 43. e5+ Kf5 44. Rf7+ Ke4 45. b5 Rb3 46. Rf6 Rxb5
47. Kg5 Rb2 48. Rxe6 Rxf2 49. Rxg6 Rxf4 50. Rf6 1-0

[Event "10th Rector Cup"]
[Site "Kharkiv"]
[Date "2008.03.04"]
[Round "9"]
[White "Kharchenko, B."]
[Black "Kovchan, A."]
[Result "0-1"]
[WhiteElo "2440"]
[BlackElo "2515"]
[PlyCount "114"]
[EventDate "2008.02.27"]
[SourceDate "2008.02.27"]

1. e4 c5 2. c3 g6 3. d4 cxd4 4. cxd4 d5 5. exd5 Nf6 6. Nc3 Nbd7 7. d6 exd6 8.
Qe2+ Qe7 9. Nb5 Qxe2+ 10. Nxe2 Kd8 11. Bf4 Ne8 12. Be3 a6 13. Nbc3 b5 14. a4
bxa4 15. Nf4 Nb6 16. Nxa4 Nxa4 17. Rxa4 Nc7 18. Bc4 Bd7 19. Ra2 Be6 20. Nxe6+
fxe6 21. h4 Bg7 22. h5 Ke7 23. Kd2 Rab8 24. Bd3 Rb4 25. Ke2 Nd5 26. hxg6 hxg6
27. Rxh8 Bxh8 28. Rxa6 Bxd4 29. Bxd4 Rxd4 30. Bxg6 Nf4+ 31. Ke3 e5 32. Be4 d5
33. Ra7+ Kd6 34. Bc2 Nxg2+ 35. Ke2 Nf4+ 36. Ke3 Rb4 37. b3 Rb8 38. Kd2 Rf8 39.
Ra6+ Kc5 40. Ra5+ Kb4 41. Ra4+ Kb5 42. Ke3 Rh8 43. Ra7 Rh3+ 44. Kd2 Rh2 45. Ke3
Rh3+ 46. Kd2 Rf3 47. Ke1 Kc5 48. Rg7 Rh3 49. Rg3 Rh8 50. Kd2 Rf8 51. Rc3+ Kd4
52. b4 e4 53. Re3 Ng2 54. Re2 Rb8 55. f3 e3+ 56. Kd1 Nf4 57. Rh2 Kc3 0-1

[Event "10th Rector Cup"]
[Site "Kharkiv"]
[Date "2008.03.04"]
[Round "9"]
[White "Onischuk, V."]
[Black "Hadzimanolis, A."]
[Result "1-0"]
[WhiteElo "2474"]
[BlackElo "2329"]
[PlyCount "81"]
[EventDate "2008.02.27"]
[SourceDate "2008.02.27"]

1. e4 e5 2. Nf3 d6 3. d4 Nf6 4. Nc3 Nbd7 5. Bc4 Be7 6. O-O O-O 7. Re1 c6 8. a4
h6 9. a5 Re8 10. b3 Qc7 11. Bb2 Nf8 12. h3 Ng6 13. Bf1 Bf8 14. Qd2 Bd7 15. g3
Rad8 16. Bg2 Bc8 17. d5 cxd5 18. Nxd5 Nxd5 19. exd5 f5 20. c4 Qf7 21. Kh2 Be7
22. Qc2 Bf6 23. Rad1 h5 24. h4 f4 25. Ng1 Bg4 26. Be4 Nf8 27. Nf3 fxg3+ 28.
fxg3 Bxf3 29. Bxf3 Bxh4 30. Be4 Bf6 31. Rf1 g6 32. Rf3 Kg7 33. Rdf1 Nh7 34. Bc1
Rg8 35. Qd2 Kf8 36. Qh6+ Rg7 37. Qxh7 Rxh7 38. Rxf6 Rd7 39. Bxg6 Qxf6 40. Rxf6+
Kg7 41. Re6 1-0